| 000 | 00875nam a2200241Ia 4500 | ||
|---|---|---|---|
| 003 | OSt | ||
| 005 | 20221005112529.0 | ||
| 006 | a|||||r|||| 00| 0 | ||
| 007 | ta | ||
| 008 | 221004b |||||||| |||| 00| 0 pan d | ||
| 020 | _c200 | ||
| 024 | _a107449 | ||
| 037 |
_b7848/II, 21/02/2011, Arsee Publishers _cTextual |
||
| 040 |
_aCRL _cCRL _bpan |
||
| 041 |
_2pan _apan |
||
| 082 | _aQ8441xJ63:g, 153Q0 | ||
| 100 |
_aਸੋਢੀ, ਸਤਪਾਲ ਕੌਰ, ਥਦ। _9162057 |
||
| 245 | 0 | _aਚੇਤ ਗੋਵਿੰਦ ਅਰਾਧਿਐ ਹੋਵੈ ਅਨੰਦ ਘਣਾ | |
| 260 |
_aਚੰਡੀਗੜ _bਲੋਕਗੀਤ ਭਾਰਤ _c2010 |
||
| 300 |
_a191ਪੰ _ccm. |
||
| 942 |
_hQ8441xJ63:g, 153Q0 _cTEXL _2cc |
||
| 999 |
_c1025174 _d1025174 |
||